Guess The Singer By The Real Name #2 - Statistics

General Stats
  • This quiz has been taken 94 times
  • The average score is 5 of 10
Answer Stats
Real Name Singer % Correct
Marshall BruceMathers III Eminem
88%
Onika TanyaMaraj Nicki Minaj
75%
Charles OttoPuth Jr. Charlie Puth
69%
Alicia AugelloCook Alicia Keys
63%
Peter GeneHernandez Bruno Mars
54%
Tyler GregoryOkonma Tyler, The Creator
46%
Solana ImaniRowe SZA
24%
Malcom JamesmcCormick Mac Miller
21%
Kevin RichardParker Tame Impala
13%
Nayvadius DeMunWilburn Future
12%
No matching quizzes found
Score Distribution
Percent of People with Each Score
Percentile by Number Answered
Your Score History
You have not taken this quiz